Chinese Football Clubs by Logo - Statistics

General Stats
  • This quiz has been taken 32 times
  • The average score is 14 of 16
Answer Stats
Picture Answer % Correct
Beijing Guoan
100%
Shanghai Port
100%
Tianjin Jinmen Tiger
100%
Chengdu Rongcheng
96%
Shandong Taishan
96%
Wuhan Three Towns
96%
Shanghai Shenhua
93%
Changchun Yatai
89%
Dalian
89%
Henan
86%
Shenzhen
86%
Zhejiang
86%
Cangzhou Mighty Lions
82%
Meizhou Hakka
82%
Nantong Zhiyun
82%
Qingdao Hainiu
64%
No matching quizzes found
Score Distribution
Percent of People with Each Score
Percentile by Number Answered
Your Score History
You have not taken this quiz